000 01262nam0a22002771 4500
001 rc\3154859
005 20120615104232.6
021 _aRU
_b78-17061
021 _aRU
_bРг6821-78
035 _a(NLR Aleph) 007298700
090 _a5687242
_c5687242
100 _a20120615d1976 |||y0rusy50 ca
101 0 _arus
102 _aRU
105 _aa z |||||
200 1 _aСборник статей по совершенствованию производства поверхностно-активных веществ и сырья для них
_f[Ред. совет: Бавика В.И.] [и др.]
_gВсесоюз. науч.-исслед. и проект. ин-т поверхностно-актив. веществ (ВНИИПАВ)
210 _aШебекино
_cБ. и.
_d1976
215 _a188 с., 1 л. ил.
_cил.
_d20
320 _aБиблиогр. в конце статей
702 1 _aБавика
_bВ. И.
_gВалентин Иванович
_4340
712 0 2 _aВсесоюзный н.-и. и проектный ин-т поверхностно-активных веществ
_cШебекино
_3RU\NLR\AUTH\8810005026
801 0 _aRU
_bNLR
_gpsbo
801 1 _aRU
_bELAR
_2rusmarc
852 _aNLR
_j78-3/4186
942 _cBOOK
980 _aNB